Manchild - Sabrina Carpenter (All Lyrics) - Statistics

General Stats
  • This quiz has been taken 1,387 times
  • The average score is 258 of 301
Answer Stats
Lyrics % Correct
I
99%
a
98%
Manchild,
98%
men
98%
men)
98%
You
97%
you
97%
me?
96%
me
96%
me,
96%
me)
96%
to
96%
it
95%
it?
95%
it,
95%
the
95%
my
94%
why
94%
Why
94%
for
93%
Oh,
93%
always
92%
(Always
92%
it's
92%
It's
92%
your
92%
an
91%
boy
91%
all
90%
is
90%
know
90%
Stupid,
90%
Fuck
89%
just
89%
life,
89%
Maybe
89%
or
89%
slow?
89%
there
89%
there,
89%
a-runnin'
88%
a-runnin',
88%
useless?
88%
word
88%
And
87%
come
87%
I'm
87%
like
87%
do
86%
not
86%
(Not
86%
But
85%
choose
85%
get
85%
get)
85%
said
85%
so
84%
them
84%
them)
84%
there's
84%
they
84%
hey
83%
hey,
83%
(Hey,
83%
swear
83%
be?
82%
charge
82%
choosin'
82%
forgot
82%
phone
82%
(Play
82%
was
82%
we
82%
boys
81%
cuter
81%
hard
81%
incompetent
81%
(Incompetent)
81%
playin'
81%
you're
81%
broken,
80%
ironic
80%
what
79%
Never
78%
call
77%
hope
77%
of
77%
brain
76%
heard
76%
let
76%
Amen,
75%
Amen
75%
(Amen,
75%
(Amen)
75%
(Amen),
75%
Did
75%
say
75%
won't
75%
baby,
74%
God,
73%
self-care
73%
started
73%
woman
73%
Didn't
72%
finished?
71%
innocent
71%
wearing,
71%
ain't
70%
dumb?
70%
blame
69%
familiar,
69%
from
69%
Half
69%
if
69%
If
69%
mom
69%
outfit
69%
lovin'
66%
sexy
66%
takin'
66%
Whole
63%
how
61%
done
60%
long?
54%
survive
53%
Earth
50%
yeah),
29%
No matching quizzes found
Score Distribution
Percent of People with Each Score
Percentile by Number Answered
Your Score History
You have not taken this quiz